La Terminología en la formación de postgrado para ingenieros y científicos. Estudio de casos: un léxico sobre el léxico para no lingüistas (Registre núm. 62555)

MARC details
000 -LEADER
campo de control de longitud fija 01009aaa a2200325a 44500
008 - DATOS DE LONGITUD FIJA--INFORMACIÓN GENERAL
campo de control de longitud fija 031006s2003 cat
020 ## - NÚMERO INTERNACIONAL ESTÁNDAR DEL LIBRO
Número Internacional Estándar del Libro 9729051488
041 ## - CÓDIGO DE IDIOMA
Código de lengua del texto/banda sonora o título independiente cat
080 ## - NÚMERO DE LA CLASIFICACIÓN DECIMAL UNIVERSAL
Número de la Clasificación Decimal Universal 801.3(038)
100 ## - ENTRADA PRINCIPAL--NOMBRE DE PERSONA
Nombre de persona Abreu, J.M.
9 (RLIN) 60507
245 ## - MENCIÓN DEL TÍTULO
Título La Terminología en la formación de postgrado para ingenieros y científicos. Estudio de casos: un léxico sobre el léxico para no lingüistas
245 ## - MENCIÓN DEL TÍTULO
Mención de responsabilidad, etc. J.M Abreu García
260 ## - PUBLICACIÓN, DISTRIBUCIÓN, ETC.
Lugar de publicación, distribución, etc. [Lisboa]
260 ## - PUBLICACIÓN, DISTRIBUCIÓN, ETC.
Nombre del editor, distribuidor, etc. Instituto de Linguística Teórica e Computacional, ILTEC
260 ## - PUBLICACIÓN, DISTRIBUCIÓN, ETC.
Fecha de publicación, distribución, etc. 2003
300 ## - DESCRIPCIÓN FÍSICA
Extensión P. 89-101
Dimensiones 23 cm
500 ## - NOTA GENERAL
Nota general Bibliografia
520 ## - RESUMEN, ETC.
Nombre de termes 66
546 ## - NOTA DE IDIOMA
Llengua de les definicions francès
592 ## - Tipus obra
Tipus d'obra Obra terminològica
593 ## - Codi CGAT
Codi de la CGAT SEA
650 ## - PUNTO DE ACCESO ADICIONAL DE MATERIA--TÉRMINO DE MATERIA
Término de materia o nombre geográfico como elemento de entrada lexicografia
9 (RLIN) 60925
773 ## - ASIENTO DE ITEM FUENTE
Título Terminologia e indústrias da língua: actas do VII Simpósio Ibero-Americano de Terminologia
901 ## - ELEMENTOS DE DATOS A LOCAL LDA (RLIN)
c [<2003>]
902 ## - ELEMENTOS DE DATOS B LOCAL, LDB (RLIN)
a 031006
942 ## - ELEMENTOS DE ENTRADA SECUNDARIOS (KOHA)
Tipo de ítem Koha Part de monografia
Suprimir en OPAC No
Fons
Estatus retirado Estado de pérdida Estado de daño No para préstamo Biblioteca de origen Biblioteca actual Fecha de adquisición Total de préstamos Signatura topográfica completa Código de barras Visto por última vez Precio de reemplazo Tipo de ítem Koha
        TERMCAT TERMCAT 06/10/2003   SN 88 11630 30/09/2021 30/09/2021 PM

Implantat amb Koha